| 000 | 01820nam a2200469 i 4500 | ||
|---|---|---|---|
| 001 | 9327 | ||
| 003 | KOSZ 005 | ||
| 005 | 20220818135713.0 | ||
| 008 | 220818s1974 pl a f f 000 0 pol | ||
| 015 | _aPB 1974/6532 | ||
| 040 |
_aWA N _cWA N _dKOSZ 005/HR _dKOSZ 005/RW |
||
| 046 | _k1974 | ||
| 080 | _a 624.011.1 | ||
| 080 | _a691 | ||
| 080 | _a(07) | ||
| 100 | 1 |
_aDziarnowski, Zbigniew _eAutor |
|
| 245 | 1 | 0 |
_aKonstrukcje z drewna i materiałów drewnopochodnych / _cZbigniew Dziarnowski, Wincenty Michniewicz ; [doc. dr hab. inż. Zbigniew Mielczarek, dr inż. Jerzy Teliga]. |
| 260 |
_aWarszawa : _b"Arkady", _c1974. |
||
| 300 |
_a407, [1] stron : _bilustracje, wykresy ; _c25 cm. |
||
| 336 |
_aTekst _btxt _2rdacontent |
||
| 337 |
_aBez urządzenia pośredniczącego _bn _2rdamedia |
||
| 338 |
_aWolumin _bnc _2rdacarrier |
||
| 380 | _aKsiążki | ||
| 380 | _aPublikacje fachowe | ||
| 380 | _aPublikacje dydaktyczne | ||
| 385 |
_mPoziom nauczania _aSzkoły wyższe |
||
| 388 | 1 | _a1901-2000 | |
| 388 | 1 | _a1945-1989 | |
| 504 | _aBibliografia na stronach 403-[408]. | ||
| 521 | 8 | _aPraca przeznaczona jest dla inżynierów budownictwa lądowego, a także dla studentów wydziałów budowlanych wyższych uczelni technicznych. | |
| 650 | 7 | _aKonstrukcje budowlane | |
| 650 | 7 | _aKonstrukcje drewniane | |
| 650 | 7 | _aMateriały budowlane | |
| 655 | 7 | _aOpracowanie | |
| 658 | _aArchitektura i budownictwo | ||
| 700 | 1 |
_aMichniewicz, Wincenty _eAutor |
|
| 700 | 1 |
_aMielczarek, Zbigniew _d(1931- ) _eRecenzja |
|
| 700 | 1 |
_aTeliga, Jerzy _d(1914-1994) _eRecenzja |
|
| 710 | 2 |
_aWydawnictwo Arkady _4pbl |
|
| 856 |
_uhttp://koha.tu.koszalin.pl/cgi-bin/koha/opac-detail.pl?biblionumber=9327 _yKatalog online BPK |
||
| 942 |
_2UKD _cKS |
||
| 999 |
_c9327 _d9327 |
||